000 00590cam a2200217 4500
001 D8071
008 090401t1984 xxu||||| |||| 00| 0 eng d
035 _a(Sirsi) u11056
041 _aeng
050 _a693.82
100 _aRamachandran, G.
245 _aEconomic value of early detection of fires in industry and commercial premises
260 _aGarston, Watford
_bBuilding Research Establishment
_c1984
300 _a4p. 30cm
350 _a0
490 _aInformation Paper
_v13/84
520 _aCaption title
700 _aChandler, S.E.
942 _n0
948 _c04/03/1997
999 _c86801
_d86801